| 000 | 00407nam a2200157Ia 4500 | ||
|---|---|---|---|
| 008 | 230711s9999||||xx |||||||||||||| ||und|| | ||
| 041 | _aENG | ||
| 082 | _a620ha-m | ||
| 100 | _aHosford,William F | ||
| 245 | 0 | _aMaterials science : an intermediate text | |
| 250 | _a1st . . Ed. | ||
| 260 |
_c2007 _aNew Delhi _bCambridge University Press |
||
| 300 | _a237 | ||
| 650 | _aMechanical Engineering | ||
| 942 | _cBK | ||
| 999 |
_c4926 _d4926 |
||